000 00892cam a2200253 4500
001 ABS65279
008 020327n2002 000 0 eng u
035 _a(Sirsi) u117264
100 _aOsborne, H.
245 _aTemps working full time
260 _c2002
490 _aEstates Gazette
_v(0211) 16 March 2002, 136-139(4)
520 _aOnly 8% of practising chartered surveyors are females and women in property are a disadvantaged minority, lagging well behind men in pay. Analyses the results of the 2002 "Estates Gazette" / PSD Salary & Benefits Survey. Graphs.
590 _aABS
650 _aSALARY SURVEYS
650 _aWOMEN IN SURVEYING
650 _aWOMEN SURVEYORS
650 _aSURVEYORS
650 _aEMPLOYEE BENEFITS
650 _aMATERNITY LEAVE
650 _aCB HILLIER PARKER
690 _aMANAGEMENT-BUSINESS MANAGEMENT-PROFESSIONAL PRACTICE
942 _n0
999 _c69856
_d69856